| 000 | 00543cam a2200205 4500 | ||
|---|---|---|---|
| 008 | 000000n1999 000 0 eng u | ||
| 020 | _a1860813372 | ||
| 035 | _a(Sirsi) u103851 | ||
| 050 | _a690 | ||
| 100 | _aHalliwell, S.M. | ||
| 110 | _aBuilding Research Establishment | ||
| 245 | _aAdvanced polymer composites in construction | ||
| 260 |
_aLondon _bCRC _c1999 |
||
| 300 | _a8p. ; 30cm. | ||
| 490 |
_aInformation Paper _v7/99 |
||
| 650 | _aPLASTIC | ||
| 650 | _aREINFORCED PLASTICS | ||
| 690 | _aBUILT ENVIRONMENT | ||
| 942 | _n0 | ||
| 999 |
_c100176 _d100176 |
||